Statistics for The Theodore Roosevelt Presidency

Click here to take the quiz!

General Stats

  • This quiz has been taken 3,202 times
    (3,195 since last reset)
  • The average score is 10 of 16

Answer Stats

Hint Answer % Correct
What canal was he instrumental in building?Panama Canal
95%
What political party did he represent as President?Republican
93%
What state was he born in?New York
85%
Fill the blank in the Theodore Roosevelt quoteSpeak softly and
carry a {big} {stick}
82%
What was the nickname of Roosevelt's regiment that fought in Cuba?{Rough} Riders
78%
What award did he receive for his actions to stop the Russo-Japanese War?Nobel Peace Prize
75%
Under what President did he serve as Vice-President?William McKinley
61%
As President, what type of businesses did he "bust"?Trusts (Monopolies)
55%
Who was his Vice President from 1905-1909? (Hint: an Alaskan city)Charles W. Fairbanks
54%
In what state did he live as a frontiersman in the 1880s?North Dakota
51%
What party did he found in 1912?Progressive Party
(aka Bull Moose)
49%
What was he doing when someone shot him in a failed assassination attempt?Giving a speech
49%
What state was admitted to the Union during his presidency?Oklahoma
48%
What government agency was founded in 1906 spurred in part by
Upton Sinclair's book "The Jungle"?
FDA
44%
After his Presidency he almost died during a scientific expedition.
Where did the expedition take place?
The Amazon
33%
Franklin Roosevelt called for a "New Deal". What kind of deal did
Theodore Roosevelt propose?
{Square} Deal
30%

Score Distribution

Percentile by Number Answered

Percent of People with Each Score

Your Score History

You have not taken this quiz since the last reset